| 000 | 00438nam a22001817a 4500 | ||
|---|---|---|---|
| 005 | 20180718154449.0 | ||
| 008 | 160512b xxu||||| |||| 00| 0 eng d | ||
| 020 | _a81-203-0960-X | ||
| 041 | _aeng | ||
| 082 |
_b1615 _a658.1599 |
||
| 100 |
_aShapiro, Alan C. _91224 |
||
| 245 | _aMultinational Finance Management | ||
| 250 | _a4th ed. | ||
| 260 |
_aNew Delhi _bPHI, _c1992 |
||
| 300 | _a729p, | ||
| 650 |
_aManagement _9241 |
||
| 942 | _cBK | ||
| 999 |
_c638 _d638 |
||